| 000 | 00478nam a22001697a 4500 | ||
|---|---|---|---|
| 008 | 230807b |||||||| |||| 00| 0 eng d | ||
| 040 |
_aNational Science Library _cNational Science Library |
||
| 080 | _a616-053.2(05) | ||
| 245 | _aAdvances in pediatrics | ||
| 260 |
_aUSA: _bYear Book Medical Publishers Inc, _c1966 |
||
| 300 | _a307p. | ||
| 500 | _aVol. XIV | ||
| 650 | _aPediatrics | ||
| 653 | _aIntestinal flora | ||
| 700 | _aSchulman, Irving (Ed.) | ||
| 942 |
_2udc _cBK |
||
| 999 |
_c57944 _d57944 |
||